| 000 | 00809nam0a22002531 4500 | ||
|---|---|---|---|
| 001 | rc\3037178 | ||
| 005 | 20250806201826.0 | ||
| 035 | _a(NLR Aleph) 007177734 | ||
| 090 |
_a20755 _c20755 |
||
| 100 | _a20090731d1945 u y0rusy50 ca | ||
| 101 | 0 | _arus | |
| 102 | _aRU | ||
| 105 | _ay z ||||y | ||
| 200 | 1 |
_aВеликое содружество народов СССР _fИ. Трайнин |
|
| 210 |
_a[Москва] _cМол. гвардия _d1945 _gтип. "Кр. знамя" |
||
| 215 |
_a64 с. _d21 см |
||
| 700 | 1 |
_aТрайнин _bИ.П. _f1886-1949 _gИлья Павлович |
|
| 801 | 0 |
_aRU _bNLR _gpsbo |
|
| 801 | 1 |
_aRU _bELAR _2rusmarc |
|
| 852 |
_aNLR _jИр50 Г-4/515 |
||
| 942 | _cBOOK | ||
| 945 | _aРоссийская национальная библиотека | ||
| 980 | _aNB | ||
| 980 | _aBV | ||